Remote sensing and image interpretation (Record no. 567976)

000 -LEADER
fixed length control field 00568nam a22001937a 4500
003 - CONTROL NUMBER IDENTIFIER
control field CEME
005 - DATE AND TIME OF LATEST TRANSACTION
control field 20210628202000.0
008 - FIXED-LENGTH DATA ELEMENTS--GENERAL INFORMATION
fixed length control field 210120b xxu||||| |||| 00| 0 eng d
020 ## - INTERNATIONAL STANDARD BOOK NUMBER
International Standard Book Number 9971-51-427-3
040 ## - CATALOGING SOURCE
Transcribing agency ceme
082 ## - DEWEY DECIMAL CLASSIFICATION NUMBER
Classification number 621.3678 LIL
100 ## - MAIN ENTRY--PERSONAL NAME
Personal name Lillesand, Thomas M ,Kiefer, Ralph W
9 (RLIN) 57704
245 ## - TITLE STATEMENT
Title Remote sensing and image interpretation
250 ## - EDITION STATEMENT
Edition statement 4TH
260 ## - PUBLICATION, DISTRIBUTION, ETC.
Place of publication, distribution, etc. NEW DELHI
Name of publisher, distributor, etc. JOHN WILEY
Date of publication, distribution, etc. 2003
300 ## - PHYSICAL DESCRIPTION
Extent XII,724P
650 ## - SUBJECT ADDED ENTRY--TOPICAL TERM
Topical term or geographic name entry element REMOTE SENSING.IMAGE INTERPRETATION.DIGITAL IMAGE PROCESSING.MICROWAVE SENSING.
9 (RLIN) 57705
942 ## - ADDED ENTRY ELEMENTS (KOHA)
Koha item type Book
Source of classification or shelving scheme
Holdings
Withdrawn status Lost status Damaged status Not for loan Permanent Location Current Location Shelving location Date acquired Total Checkouts Full call number Barcode Date last seen Price effective from Koha item type
        College of Electrical & Mechanical Engineering (CEME) College of Electrical & Mechanical Engineering (CEME) General Stacks 07/13/2017   621.3678 LIL CEME-40768 06/28/2021 06/28/2021 Book
        College of Electrical & Mechanical Engineering (CEME) College of Electrical & Mechanical Engineering (CEME) General Stacks 07/18/2017   621.3678 LIL CEME-41030 06/28/2021 06/28/2021 Book
© 2023 Central Library, National University of Sciences and Technology. All Rights Reserved.